[Event "III Open Alfa Lum"]
[Site "Cagliari ITA"]
[Date "2012.08.31"]
[Round "1"]
[White "Caglio, Luigi"]
[Black "Picciau, Marta"]
[Result "1-0"]
[WhiteElo "2073"]
[BlackElo "1620"]
[PlyCount "47"]
[EventDate "2012.08.31"]

1. e4 e6 2. d4 d5 3. Nd2 c5 4. exd5 Qxd5 5. dxc5 Bxc5 6. Ngf3 Ne7 7. Bc4 Qd8 8.
O-O O-O 9. Qe2 Nec6 10. c3 Nd7 11. Ne4 Be7 12. Be3 b6 13. Rad1 Bb7 14. Neg5 Qc7
15. Nxe6 fxe6 16. Bxe6+ Kh8 17. Rxd7 Qb8 18. Rfd1 Bf6 19. Ng5 Bxg5 20. Bxg5 Re8
21. f4 Bc8 22. R7d6 Qc7 23. f5 h6 24. Qf3 1-0

[Event "III Open Alfa Lum"]
[Site "Cagliari ITA"]
[Date "2012.08.31"]
[Round "1"]
[White "Pes, Eleonora"]
[Black "Mallo', Danilo"]
[Result "0-1"]
[WhiteElo "1617"]
[BlackElo "1926"]
[PlyCount "108"]
[EventDate "2012.08.31"]

1. e4 c6 2. d4 d5 3. Nc3 dxe4 4. Nxe4 Bf5 5. Ng3 Bg6 6. Nf3 Nf6 7. Bd3 Nbd7 8.
O-O e6 9. Re1 Bd6 10. Nf5 Bxf5 11. Bxf5 Qa5 12. Bxe6 fxe6 13. Rxe6+ Be7 14. Qe2
O-O 15. Rxe7 Rae8 16. Bd2 Qf5 17. c3 Ne4 18. Rxe8 Rxe8 19. Re1 h6 20. Nh4 Qf6
21. f3 Nd6 22. Qf2 Rxe1+ 23. Bxe1 g5 24. Qg3 Kf7 25. Qg4 Nb6 26. Qh5+ Kg7 27.
Bg3 Nf7 28. Qg4 h5 29. Qxh5 gxh4 30. Bxh4 Qg6 31. Qxg6+ Kxg6 32. Kf2 a5 33. g4
a4 34. Bg3 Nd5 35. h4 a3 36. bxa3 Nxc3 37. Ke3 Nb5 38. a4 Nc3 39. f4 Nxa4 40.
f5+ Kf6 41. Be5+ Nxe5 42. dxe5+ Kxe5 43. h5 Nc3 44. h6 Nd5+ 45. Kf3 Nf6 46. Kg3
Nh7 47. Kf3 b5 48. Ke3 c5 49. Kd3 Kf4 50. Kc3 Kxg4 51. Kb3 Kxf5 52. a4 bxa4+
53. Kxa4 Ke4 54. Kb3 Kd3 0-1

[Event "III Open Alfa Lum"]
[Site "Cagliari ITA"]
[Date "2012.08.31"]
[Round "1"]
[White "Altea, Alessandro"]
[Black "Giordano, Giulia"]
[Result "1/2-1/2"]
[WhiteElo "1854"]
[BlackElo "1583"]
[PlyCount "89"]
[EventDate "2012.08.31"]

1. Nf3 c5 2. e4 Nc6 3. Nc3 d6 4. d3 Nf6 5. h3 e6 6. Be2 Be7 7. O-O d5 8. exd5
exd5 9. Re1 Qc7 10. Bf1 O-O 11. Bg5 d4 12. Ne4 Nd5 13. Bxe7 Ncxe7 14. Qd2 f5
15. Ng3 f4 16. Ne4 h6 17. c3 Nf5 18. cxd4 cxd4 19. Rac1 Qb6 20. Nc5 Nde3 21.
fxe3 fxe3 22. Qc2 Qg6 23. Ne5 Qg3 24. Ng4 Nh4 25. Kh1 Bxg4 26. Ne4 Qf4 27. hxg4
Qxg4 28. Qe2 Qg6 29. Rc7 Rae8 30. Rc5 Nf5 31. Kg1 Rxe4 32. Rxf5 Qxf5 33. dxe4
Qf2+ 34. Kh2 Qh4+ 35. Kg1 Qf2+ 36. Kh2 Qh4+ 37. Kg1 Rf2 38. Qc4+ Kh7 39. Qxd4
Rxg2+ 40. Kxg2 Qxe1 41. Qd3 Qf2+ 42. Kh1 Qh4+ 43. Kg1 Qg3+ 44. Kh1 Qh4+ 45. Kg1
1/2-1/2

[Event "III Open Alfa Lum"]
[Site "Cagliari ITA"]
[Date "2012.08.31"]
[Round "1"]
[White "Sanna, Yuri"]
[Black "Saba, Gloria"]
[Result "1-0"]
[WhiteElo "1811"]
[BlackElo "1527"]
[PlyCount "33"]
[EventDate "2012.08.31"]

1. e4 d5 2. d4 dxe4 3. Nc3 Nf6 4. f3 Bf5 5. g4 Bg6 6. g5 Nd5 7. fxe4 Nxc3 8.
bxc3 Bxe4 9. Nf3 e5 10. Bc4 Nc6 11. O-O Bxf3 12. Bxf7+ Kd7 13. Qxf3 Kc8 14.
Be6+ Kb8 15. Qxc6 b6 16. Bd5 Qc8 17. Qxa8# 1-0

[Event "III Open Alfa Lum"]
[Site "Cagliari ITA"]
[Date "2012.08.31"]
[Round "1"]
[White "Carucci, Bruno"]
[Black "Putzolu, Marcello"]
[Result "1/2-1/2"]
[WhiteElo "1509"]
[BlackElo "1788"]
[PlyCount "37"]
[EventDate "2012.08.31"]

1. d4 Nf6 2. Bf4 d5 3. h3 h6 4. e3 Bf5 5. c3 e6 6. Qb3 Nbd7 7. Nd2 b6 8. Bb5
Be7 9. Ndf3 O-O 10. Ne5 Nxe5 11. dxe5 Ne4 12. Ne2 c5 13. c4 dxc4 14. Bxc4 Nd2
15. Rd1 Nxb3 16. Rxd8 Rfxd8 17. Bxb3 a5 18. Nc3 Rac8 19. e4 1/2-1/2

[Event "III Open Alfa Lum"]
[Site "Cagliari ITA"]
[Date "2012.08.31"]
[Round "1"]
[White "Boi, Fausto"]
[Black "Cotza, Massimiliano"]
[Result "1-0"]
[WhiteElo "1784"]
[BlackElo "1500"]
[PlyCount "75"]
[EventDate "2012.08.31"]

1. e4 e5 2. d4 exd4 3. Qxd4 Nc6 4. Qe3 d6 5. Nc3 Nf6 6. f3 Be6 7. Bb5 Be7 8.
Bd2 a6 9. Bd3 Ne5 10. Be2 Nc4 11. Bxc4 Bxc4 12. Nge2 Qd7 13. O-O-O b5 14. e5
dxe5 15. Qxe5 O-O 16. Qg3 Bd6 17. Qf2 b4 18. Ne4 Nxe4 19. fxe4 Qb5 20. Nd4 Qb6
21. Be3 Qa5 22. b3 Be6 23. Kb1 Rac8 24. Nc6 Qh5 25. Rxd6 cxd6 26. Ne7+ Kh8 27.
Nxc8 Rxc8 28. Qd2 Qg6 29. Qxb4 Qxg2 30. Rc1 Qxh2 31. Bd4 h5 32. a4 h4 33. Qa5
Qe2 34. Qg5 f6 35. Bxf6 Rc7 36. Qxh4+ Kg8 37. Bb2 Bf7 38. Qd8+ 1-0

[Event "III Open Alfa Lum"]
[Site "Cagliari ITA"]
[Date "2012.08.31"]
[Round "1"]
[White "Sonis, Francesco"]
[Black "Mannino, Giacomo"]
[Result "1-0"]
[WhiteElo "1491"]
[BlackElo "1660"]
[PlyCount "53"]
[EventDate "2012.08.31"]

1. e4 d5 2. exd5 Qxd5 3. Nc3 Qe5+ 4. Be2 c6 5. d4 Qc7 6. Nf3 Bf5 7. O-O e6 8.
Re1 Nf6 9. Bd3 Bxd3 10. Qxd3 Bd6 11. Bg5 Nbd7 12. a3 O-O 13. Ne4 Nxe4 14. Rxe4
c5 15. Rh4 g6 16. Bh6 Rfd8 17. dxc5 Qxc5 18. Be3 Qc6 19. Ng5 Nf8 20. Qe2 Be7
21. Rh3 Rd5 22. Nf3 Rad8 23. c4 Qxc4 24. Qxc4 Rd1+ 25. Rxd1 Rxd1+ 26. Qf1 Rxf1+
27. Kxf1 1-0

[Event "III Open Alfa Lum"]
[Site "Cagliari ITA"]
[Date "2012.08.31"]
[Round "1"]
[White "Dessy, Eugenio"]
[Black "Pistis, Sofia"]
[Result "1-0"]
[WhiteElo "1658"]
[BlackElo "1474"]
[PlyCount "110"]
[EventDate "2012.08.31"]

1. d4 d5 2. Nf3 e6 3. c4 c5 4. cxd5 exd5 5. g3 Nf6 6. Bg5 Nbd7 7. Nc3 h6 8. Bf4
Nb6 9. Nb5 Be6 10. Bc7 Qd7 11. e3 c4 12. Bxb6 Qxb5 13. Bc5 Bxc5 14. dxc5 O-O
15. Bg2 Rad8 16. Qd4 Rc8 17. O-O Qxc5 18. Rac1 b5 19. Rfd1 Qxd4 20. Nxd4 Bg4
21. f3 Bd7 22. Ne2 Rfe8 23. Kf2 Rcd8 24. Nc3 Bc6 25. b3 a6 26. h3 Kh8 27. Ne2
Bb7 28. Rd4 Re6 29. bxc4 bxc4 30. Rb1 Ba8 31. e4 Rc6 32. Nc3 Rcd6 33. e5 Re6
34. exf6 Rxf6 35. f4 Re6 36. Rbd1 Kh7 37. Rxc4 dxc4 38. Rxd8 Bxg2 39. Kxg2 Re3
40. Nd5 Re2+ 41. Kf3 Rxa2 42. Rc8 Rc2 43. Ne3 c3 44. Nd5 a5 45. Rxc3 Rxc3+ 46.
Nxc3 Kg6 47. g4 f5 48. Kg3 Kf6 49. Nd5+ Ke6 50. Nc7+ Kf6 51. Nb5 a4 52. Nc3 a3
53. Kf3 g5 54. Ke3 Ke6 55. Kf3 Kf6 1-0

[Event "III Open Alfa Lum"]
[Site "Cagliari ITA"]
[Date "2012.08.31"]
[Round "1"]
[White "Cuccu, Giovanni"]
[Black "Massa, Gianluca"]
[Result "0-1"]
[WhiteElo "1461"]
[BlackElo "1645"]
[PlyCount "124"]
[EventDate "2012.08.31"]

1. e4 c5 2. Nc3 d6 3. Bc4 Nf6 4. Nf3 e6 5. d3 Be7 6. O-O O-O 7. Re1 Nc6 8. Be3
a6 9. Qd2 b5 10. Bb3 Bb7 11. h3 Na5 12. a4 b4 13. Ne2 Nxb3 14. cxb3 a5 15. Bg5
h6 16. Bh4 Rc8 17. Qe3 e5 18. Nd2 Nd7 19. Bxe7 Qxe7 20. Nc4 Ra8 21. Rac1 Nb8
22. Nb6 Ra6 23. Nd5 Bxd5 24. exd5 Ra7 25. Nf4 Re8 26. Nh5 Nd7 27. Rc4 f5 28. f4
Nb6 29. Rc2 Nxd5 30. Qg3 Qf7 31. Qf3 Rae7 32. Rce2 e4 33. dxe4 fxe4 34. Rxe4
Rxe4 35. Rxe4 Rxe4 36. Qxe4 Qxh5 37. Qe6+ Qf7 38. f5 Qxe6 39. fxe6 Kf8 40. Kf2
Ke7 41. Kf3 Kxe6 42. Ke4 Nf6+ 43. Kd3 d5 44. Ke3 Ke5 45. Kd3 g5 46. Ke3 g4 47.
h4 h5 48. g3 Nd7 49. Kd3 Nb6 50. Ke3 c4 51. Kd2 Kd4 52. Kd1 cxb3 53. Kd2 Nxa4
54. Kc1 Ke3 55. Kd1 d4 56. Ke1 d3 57. Kd1 Nxb2+ 58. Ke1 d2+ 59. Kf1 d1=Q+ 60.
Kg2 Qe2+ 61. Kg1 Kf3 62. Kh1 Qg2# 0-1

[Event "III Open Alfa Lum"]
[Site "Cagliari ITA"]
[Date "2012.08.31"]
[Round "1"]
[White "Porru, Giambattista"]
[Black "Onnis, Luca"]
[Result "0-1"]
[WhiteElo "1637"]
[BlackElo "1461"]
[PlyCount "92"]
[EventDate "2012.08.31"]

1. Nf3 d5 2. d4 Bf5 3. g3 Nf6 4. Nc3 e6 5. Bg2 Bd6 6. O-O h6 7. Re1 O-O 8. a3
c6 9. e3 Nbd7 10. Bd2 e5 11. dxe5 Nxe5 12. Nd4 Bg6 13. Nce2 Nc4 14. Bc3 Re8 15.
Nf4 Bxf4 16. exf4 Rxe1+ 17. Qxe1 c5 18. Nf3 Bxc2 19. Rc1 Bf5 20. Ne5 Nb6 21.
Rd1 Qe7 22. Bf3 Rd8 23. g4 Bh7 24. h3 Qd6 25. b3 Bc2 26. Rd2 Bxb3 27. g5 Nfd7
28. Qb1 Ba4 29. Be4 Kf8 30. g6 Nxe5 31. Bxe5 Qe6 32. Bf5 Qe7 33. gxf7 Qxf7 34.
Bg6 Qe6 35. Re2 Qxh3 36. Bd6+ Kg8 37. Bf5 Qh5 38. Be6+ Kh8 39. Re5 Qf3 40. Bf5
Nc4 41. Re6 Nxd6 42. Rxd6 Rxd6 43. Qxb7 Rd8 44. Qe7 Re8 45. Qd6 Re1+ 46. Kh2
Rh1# 0-1

[Event "III Open Alfa Lum"]
[Site "Cagliari ITA"]
[Date "2012.08.31"]
[Round "1"]
[White "Marchionni, Daniele"]
[Black "Corona, Rafaele"]
[Result "0-1"]
[WhiteElo "1380"]
[BlackElo "1634"]
[PlyCount "76"]
[EventDate "2012.08.31"]

1. d4 d5 2. c4 e5 3. dxe5 d4 4. Bd2 Nc6 5. Nf3 Bg4 6. h3 Bxf3 7. exf3 Nxe5 8.
f4 Nc6 9. Be2 Nf6 10. O-O Bc5 11. Re1 O-O 12. Bf3 Nb4 13. Bxb4 Bxb4 14. Nd2 Bd6
15. Nb3 c5 16. Qd2 Qc7 17. g3 a5 18. a4 Qd7 19. Kh2 Qc7 20. Nc1 Rfe8 21. Nd3
Rad8 22. Rxe8+ Rxe8 23. Re1 Rxe1 24. Qxe1 b6 25. Qd2 h6 26. f5 Qd7 27. Qe2 Qxf5
28. Bg4 Nxg4+ 29. hxg4 Qd7 30. Ne5 Qe7 31. f4 f6 32. Qf3 fxe5 33. fxe5 Qxe5 34.
Qf2 h5 35. Kh3 hxg4+ 36. Kxg4 g6 37. Kh3 Qf5+ 38. g4 Qxf2 0-1

[Event "III Open Alfa Lum"]
[Site "Cagliari ITA"]
[Date "2012.08.31"]
[Round "2"]
[White "Massa, Gianluca"]
[Black "Caglio, Luigi"]
[Result "0-1"]
[WhiteElo "1645"]
[BlackElo "2073"]
[PlyCount "44"]
[EventDate "2012.08.31"]

1. d4 Nf6 2. Nf3 g6 3. c4 c5 4. d5 b5 5. cxb5 a6 6. bxa6 Bxa6 7. Nc3 d6 8. g3
Bg7 9. Bg2 O-O 10. O-O Nbd7 11. Re1 Qb6 12. e4 Ng4 13. Nd2 Nge5 14. Bf1 c4 15.
Nf3 f5 16. Ng5 Nc5 17. Kg2 h6 18. Nh3 Bc8 19. f4 Ned3 20. Bxd3 Nxd3 21. Re2
fxe4 22. Rxe4 Bxh3+ 0-1

[Event "III Open Alfa Lum"]
[Site "Cagliari ITA"]
[Date "2012.08.31"]
[Round "2"]
[White "Mallo', Danilo"]
[Black "Dessy, Eugenio"]
[Result "1-0"]
[WhiteElo "1926"]
[BlackElo "1658"]
[PlyCount "55"]
[EventDate "2012.08.31"]

1. Nf3 Nf6 2. g3 g6 3. Bg2 Bg7 4. O-O O-O 5. d4 d6 6. c4 Nbd7 7. Nc3 Re8 8. Qc2
Rb8 9. Rd1 c6 10. e4 Qc7 11. h3 e5 12. Be3 exd4 13. Bxd4 Nc5 14. e5 Bf5 15. Qc1
Nfe4 16. Nxe4 Nxe4 17. exd6 Nxd6 18. Bxg7 Kxg7 19. Qf4 Rbd8 20. Rd4 Qe7 21. Re1
Qf6 22. Red1 Re4 23. Rxe4 Nxe4 24. Rxd8 Qxd8 25. g4 Qd1+ 26. Kh2 Nxf2 27. gxf5
Nd3 28. f6+ 1-0

[Event "III Open Alfa Lum"]
[Site "Cagliari ITA"]
[Date "2012.08.31"]
[Round "2"]
[White "Palmas, Alessandro"]
[Black "Sonis, Francesco"]
[Result "1/2-1/2"]
[WhiteElo "1825"]
[BlackElo "1491"]
[PlyCount "45"]
[EventDate "2012.08.31"]

1. e4 e5 2. Nf3 Nc6 3. Bc4 Bc5 4. Nc3 Nf6 5. d3 h6 6. Be3 Bxe3 7. fxe3 O-O 8.
O-O d6 9. Qe1 Ne7 10. Bb3 Bg4 11. Qg3 Kh8 12. h3 Bd7 13. Qf2 Bc6 14. Nh4 Qd7
15. Nf5 Nxf5 16. exf5 a5 17. a3 a4 18. Ba2 d5 19. g4 Nh7 20. Qg3 d4 21. Ne2
dxe3 22. Qxe3 f6 23. h4 1/2-1/2

[Event "III Open Alfa Lum"]
[Site "Cagliari ITA"]
[Date "2012.08.31"]
[Round "2"]
[White "Corona, Rafaele"]
[Black "Sanna, Yuri"]
[Result "0-1"]
[WhiteElo "1634"]
[BlackElo "1811"]
[PlyCount "109"]
[EventDate "2012.08.31"]

1. d4 e5 2. dxe5 d6 3. e4 Nc6 4. Nf3 Bg4 5. Bb5 dxe5 6. Qxd8+ Rxd8 7. Nbd2 f6
8. O-O Bc5 9. Nb3 Bb6 10. c4 Bxf3 11. gxf3 Bd4 12. Nxd4 exd4 13. Bf4 Rd7 14.
Bxc6 bxc6 15. c5 g5 16. Bg3 Ne7 17. Rad1 Ng6 18. Rd2 h5 19. h3 h4 20. Bh2 Kf7
21. Re1 Ne5 22. Kg2 Rb8 23. b3 Rb5 24. Red1 Rb4 25. f4 gxf4 26. Bxf4 Ke6 27.
Bxe5 fxe5 28. Rd3 Rg7+ 29. Kh2 Rf7 30. Kg2 a5 31. a3 Rb5 32. Rc1 Rb8 33. Rc2
Rg8+ 34. Kf1 Rf4 35. Re2 Rgf8 36. Kg2 Kf6 37. Kf1 Kg5 38. Kg2 a4 39. b4 Kh5 40.
f3 Rg8+ 41. Kh2 Rg3 42. Rf2 Kg5 43. Rf1 Kf6 44. Rf2 Ke6 45. Rf1 Kd7 46. Kh1
Rxh3+ 47. Kg2 Rg3+ 48. Kf2 Rxe4 49. Rh1 Rf4 50. Rxh4 Rgxf3+ 51. Rxf3 Rxh4 52.
Ke2 Ke6 53. Rf8 Rh3 54. Rc8 Kd7 55. Rf8 0-1

[Event "III Open Alfa Lum"]
[Site "Cagliari ITA"]
[Date "2012.08.31"]
[Round "2"]
[White "Pistis, Laura"]
[Black "Boi, Fausto"]
[Result "0-1"]
[WhiteElo "1335"]
[BlackElo "1784"]
[PlyCount "40"]
[EventDate "2012.08.31"]

1. e4 e5 2. Nf3 d6 3. d4 Nf6 4. Nc3 exd4 5. Nxd4 Be7 6. Bd3 O-O 7. Nd5 Nxd5 8.
exd5 Nd7 9. O-O Ne5 10. f4 Nxd3 11. Qxd3 Bd7 12. Re1 Rc8 13. Nf5 Bf6 14. Qe4
Re8 15. Qb4 Rxe1+ 16. Qxe1 Bxf5 17. Qe2 Qd7 18. g4 Re8 19. Qg2 Bd4+ 20. Kf1
Qb5+ 0-1

[Event "III Open Alfa Lum"]
[Site "Cagliari ITA"]
[Date "2012.08.31"]
[Round "2"]
[White "Onnis, Luca"]
[Black "Altea, Alessandro"]
[Result "1/2-1/2"]
[WhiteElo "1461"]
[BlackElo "1854"]
[PlyCount "104"]
[EventDate "2012.08.31"]

1. d4 Nf6 2. Nf3 g6 3. e3 Bg7 4. Bd3 O-O 5. O-O d6 6. c4 c5 7. Re1 Nc6 8. b3
Nb4 9. Bb2 Nd7 10. Nc3 Nxd3 11. Qxd3 b6 12. Rad1 Bb7 13. e4 a6 14. Rd2 cxd4 15.
Nxd4 Nc5 16. Qe3 Qc7 17. f3 h5 18. Nde2 Bc6 19. Nd5 Bxd5 20. Bxg7 Kxg7 21. exd5
Rfe8 22. Qd4+ Kg8 23. Nf4 Nd7 24. Qe4 Nf6 25. Qd3 Kg7 26. Qxg6+ fxg6 27. Ne6+
Kf7 28. Nxc7 Rec8 29. Nxa8 Rxa8 30. Re6 Rc8 31. Rc2 Rc7 32. Kf2 Nxd5 33. Re4
Nb4 34. Rd2 Nc6 35. Rf4+ Kg7 36. Ke3 Ne5 37. Re4 Rb7 38. Kd4 Rc7 39. Kc3 Kf6
40. Rd5 Nc6 41. Rf4+ Kg7 42. g4 hxg4 43. fxg4 Ne5 44. h3 Rc8 45. Re4 Rh8 46.
Re3 Rf8 47. Rdxe5 dxe5 48. Rxe5 Rf3+ 49. Kd4 Kf6 50. Re3 Rf2 51. a3 Rd2+ 52.
Rd3 Re2 1/2-1/2

[Event "III Open Alfa Lum"]
[Site "Cagliari ITA"]
[Date "2012.08.31"]
[Round "2"]
[White "Putzolu, Marcello"]
[Black "Giordano, Giulia"]
[Result "1/2-1/2"]
[WhiteElo "1788"]
[BlackElo "1583"]
[PlyCount "160"]
[EventDate "2012.08.31"]

1. c4 e6 2. g3 d5 3. d4 c5 4. Nf3 Nf6 5. Bg2 Nc6 6. cxd5 exd5 7. O-O Bd6 8. Nc3
O-O 9. dxc5 Bxc5 10. Bg5 d4 11. Ne4 Be7 12. Nxf6+ Bxf6 13. Bxf6 Qxf6 14. a3 Be6
15. Qd2 Rfe8 16. Qg5 Qxg5 17. Nxg5 Bc4 18. Rfe1 Bxe2 19. Bf3 d3 20. Bxe2 d2 21.
Red1 Rxe2 22. Nf3 Rd8 23. Kf1 Re6 24. Rxd2 Rxd2 25. Nxd2 Rd6 26. Ke1 Rh6 27.
Nf3 Rf6 28. Ke2 Kf8 29. Rd1 Ke7 30. Rd2 h6 31. h4 Re6+ 32. Kd1 Re4 33. Re2 Rxe2
34. Kxe2 Ke6 35. Kd3 Kd5 36. g4 g6 37. g5 h5 38. b3 Ne5+ 39. Nxe5 Kxe5 40. Ke3
Kf5 41. Kf3 b5 42. a4 bxa4 43. bxa4 a5 44. Kg3 Ke5 45. Kf3 Kf5 46. Kg3 Ke5 47.
Kf3 Kf5 48. Kg3 Ke4 49. Kg2 Kd4 50. Kf3 Kc4 51. Ke4 Kb4 52. Ke5 Kxa4 53. Kf6
Kb4 54. Kxf7 a4 55. Kxg6 a3 56. Kh7 a2 57. g6 a1=Q 58. g7 Qa7 59. Kh8 Qd4 60.
Kh7 Qxh4 61. g8=Q Qe4+ 62. Kh6 h4 63. Qf8+ Kc3 64. Qc8+ Kd2 65. Qh3 Qe5 66.
Qxh4 Qh8+ 67. Kg5 Qe5+ 68. Kg6 Ke2 69. f4 Qe4+ 70. Kg5 Qd5+ 71. f5 Qg8+ 72. Kf4
Qc4+ 73. Kg3 Qd3+ 74. Kg4 Qd4+ 75. Kg5 Qg7+ 76. Kh5 Qf7+ 77. Kg4 Qc4+ 78. Kh3
Qd3+ 79. Kg4 Qd4+ 80. Kg5 Qg7+ 1/2-1/2

[Event "III Open Alfa Lum"]
[Site "Cagliari ITA"]
[Date "2012.08.31"]
[Round "2"]
[White "Corona, Danilo"]
[Black "Carucci, Bruno"]
[Result "1-0"]
[WhiteElo "1711"]
[BlackElo "1509"]
[PlyCount "101"]
[EventDate "2012.08.31"]

1. e4 Nf6 2. e5 Nd5 3. c4 Nb6 4. c5 Nd5 5. Nc3 e6 6. d4 c6 7. Nf3 b6 8. Nxd5
cxd5 9. Bg5 Be7 10. Bxe7 Qxe7 11. cxb6 Qb4+ 12. Qd2 Qxd2+ 13. Kxd2 axb6 14. Bd3
Ba6 15. Rhc1 Nc6 16. a3 Bxd3 17. Kxd3 O-O 18. Rc3 Rfc8 19. Rac1 Ne7 20. Ng1 Rc6
21. Ne2 Rac8 22. Kd2 b5 23. Rb3 Rxc1 24. Nxc1 Rb8 25. Nd3 Nc6 26. Ke3 Na5 27.
Rc3 Nc4+ 28. Ke2 d6 29. exd6 Nxd6 30. Rb3 Nf5 31. Rb4 Nd6 32. Nc5 Re8 33. a4
bxa4 34. Nxa4 h6 35. Kd3 Ne4 36. f3 Nd6 37. b3 f6 38. Nc5 e5 39. dxe5 fxe5 40.
Rb6 e4+ 41. fxe4 dxe4+ 42. Ke3 Nf5+ 43. Kf4 e3 44. Kxf5 e2 45. Nd3 Rf8+ 46. Kg4
Rf1 47. Re6 Kh7 48. Rxe2 Kg6 49. b4 Rf5 50. Re6+ Rf6 51. Rxf6+ 1-0

[Event "III Open Alfa Lum"]
[Site "Cagliari ITA"]
[Date "2012.08.31"]
[Round "2"]
[White "Saba, Gloria"]
[Black "Mannino, Giacomo"]
[Result "0-1"]
[WhiteElo "1527"]
[BlackElo "1660"]
[PlyCount "62"]
[EventDate "2012.08.31"]

1. e4 d5 2. exd5 Nf6 3. Nc3 Nxd5 4. Nxd5 Qxd5 5. d4 Nc6 6. Nf3 Bg4 7. c3 e5 8.
Be3 e4 9. c4 Qa5+ 10. Qd2 Bb4 11. Ng5 Bxd2+ 12. Bxd2 Qf5 13. d5 Nd4 14. Rc1 e3
15. Bxe3 Nc2+ 16. Kd2 Nxe3 17. fxe3 Qxg5 18. Re1 O-O 19. Kc1 Rfe8 20. h4 Qh6
21. Kd2 Re4 22. b3 Rae8 23. Bd3 Rxe3 24. Rxe3 Qxe3+ 25. Kc3 Be2 26. Re1 Qxd3+
27. Kb4 Qd2+ 28. Ka3 Qxe1 29. Ka4 Re4 30. Kb5 a6+ 31. Kc5 Qa5# 0-1

[Event "III Open Alfa Lum"]
[Site "Cagliari ITA"]
[Date "2012.08.31"]
[Round "2"]
[White "Cotza, Massimiliano"]
[Black "Porru, Giambattista"]
[Result "1-0"]
[WhiteElo "1500"]
[BlackElo "1637"]
[PlyCount "91"]
[EventDate "2012.08.31"]

1. d4 d5 2. c4 Nf6 3. cxd5 Nxd5 4. e4 Nf6 5. Nc3 e6 6. a3 c6 7. Nf3 Be7 8. Bd3
c5 9. d5 b6 10. Bb5+ Bd7 11. dxe6 fxe6 12. Bc4 b5 13. Nxb5 Nxe4 14. O-O O-O 15.
Re1 Nf6 16. Bxe6+ Bxe6 17. Qe2 Bf5 18. Qxe7 Qxe7 19. Rxe7 Nbd7 20. Bg5 a6 21.
Nd6 Bg6 22. Bxf6 Nxf6 23. Rc7 Rab8 24. Nc4 Rfc8 25. Rxc8+ Rxc8 26. Re1 Be4 27.
Nd6 Rb8 28. Nxe4 Nxe4 29. Rxe4 Rxb2 30. g4 Rb3 31. Re3 c4 32. Nd2 Rxe3 33. fxe3
c3 34. Nb3 Kf7 35. Kf2 Ke6 36. Ke2 Kd5 37. Kd3 c2 38. Kxc2 Ke4 39. Nc5+ Kxe3
40. Nxa6 g5 41. Nc5 Kf4 42. a4 Kxg4 43. a5 Kh3 44. a6 h5 45. a7 g4 46. a8=Q 1-0

[Event "III Open Alfa Lum"]
[Site "Cagliari ITA"]
[Date "2012.08.31"]
[Round "2"]
[White "Picciau, Marta"]
[Black "Cuccu, Giovanni"]
[Result "1-0"]
[WhiteElo "1620"]
[BlackElo "1461"]
[PlyCount "67"]
[EventDate "2012.08.31"]

1. c4 e5 2. Nc3 Nc6 3. Nf3 Bc5 4. Nxe5 Nxe5 5. d4 Nxc4 6. dxc5 Nf6 7. Qd4 Na5
8. Qe5+ Qe7 9. Qxc7 Nc6 10. Qd6 Qxd6 11. cxd6 O-O 12. Bg5 Ne8 13. Be7 Nxd6 14.
Bxd6 Re8 15. e4 Re6 16. Bg3 Nb4 17. Rc1 d5 18. f3 d4 19. a3 dxc3 20. axb4 cxb2
21. Rb1 Rb6 22. Rxb2 a5 23. b5 Bd7 24. Bf2 Rd6 25. Ra2 Be6 26. Ra3 a4 27. Be2
Bd7 28. O-O Ra5 29. Rb1 Rd2 30. Be1 Rxe2 31. Bxa5 Rc2 32. Rxa4 Rc5 33. Rab4 Rc3
34. Rd4 1-0

[Event "III Open Alfa Lum"]
[Site "Cagliari ITA"]
[Date "2012.08.31"]
[Round "2"]
[White "Pistis, Sofia"]
[Black "Pes, Eleonora"]
[Result "1/2-1/2"]
[WhiteElo "1474"]
[BlackElo "1617"]
[PlyCount "62"]
[EventDate "2012.08.31"]

1. e4 d5 2. exd5 Nf6 3. Nc3 Bf5 4. Bc4 c6 5. dxc6 Nxc6 6. Bb5 e5 7. Nf3 Bg4 8.
h3 Bxf3 9. Qxf3 Qb6 10. O-O Bc5 11. Bxc6+ Qxc6 12. Qxc6+ bxc6 13. d3 O-O 14.
Bg5 Nd5 15. Nxd5 cxd5 16. Rfe1 f6 17. Be3 Rfc8 18. c3 Rab8 19. Rab1 Rb5 20.
Bxc5 Rbxc5 21. Re2 Rb8 22. Rd2 Rxc3 23. bxc3 Rxb1+ 24. Kh2 Rc1 25. d4 e4 26.
Rb2 Rxc3 27. Rb3 Rxb3 28. axb3 Kf7 29. Kg3 Ke6 30. Kf4 Kd6 31. h4 a5 1/2-1/2

[Event "III Open Alfa Lum"]
[Site "Cagliari ITA"]
[Date "2012.09.01"]
[Round "3"]
[White "Caglio, Luigi"]
[Black "Mallo', Danilo"]
[Result "1-0"]
[WhiteElo "2073"]
[BlackElo "1926"]
[PlyCount "55"]
[EventDate "2012.08.31"]

1. e4 d6 2. d4 g6 3. Nc3 Bg7 4. Be3 Nf6 5. f3 Nbd7 6. Qd2 h5 7. O-O-O e5 8.
Nge2 a6 9. Bg5 c6 10. f4 Qa5 11. Kb1 Ng4 12. dxe5 dxe5 13. Nc1 O-O 14. h3 exf4
15. Bxf4 Nge5 16. g4 h4 17. Nb3 Qb4 18. Qf2 Qe7 19. g5 Qb4 20. Qxh4 Nf3 21. Qg3
Nde5 22. Be2 Nc4 23. Qxf3 Na3+ 24. bxa3 Qxc3 25. Qxc3 Bxc3 26. Rd3 Bg7 27. Rhd1
Bxh3 28. Rxh3 1-0

[Event "III Open Alfa Lum"]
[Site "Cagliari ITA"]
[Date "2012.09.01"]
[Round "3"]
[White "Sanna, Yuri"]
[Black "Boi, Fausto"]
[Result "1-0"]
[WhiteElo "1811"]
[BlackElo "1784"]
[PlyCount "55"]
[EventDate "2012.08.31"]

1. d4 d5 2. e4 dxe4 3. Nc3 Nf6 4. f3 exf3 5. Nxf3 Bg4 6. h3 Bf5 7. Bc4 h6 8.
Ne5 e6 9. O-O Bh7 10. Qe2 Qxd4+ 11. Kh1 Ne4 12. Nxe4 Qxe5 13. Qf3 Bg6 14. Bd3
f5 15. Nf6+ gxf6 16. Qxb7 Qd5 17. Bb5+ Kf7 18. Qxc7+ Be7 19. c4 Qd8 20. Qb7 a6
21. Ba4 Qd3 22. Bf4 Qe4 23. Qc7 a5 24. Bd6 Kg7 25. Qxe7+ Bf7 26. Rf3 Qh4 27.
Rg3+ Qxg3 28. Bxg3 1-0

[Event "III Open Alfa Lum"]
[Site "Cagliari ITA"]
[Date "2012.09.01"]
[Round "3"]
[White "Altea, Alessandro"]
[Black "Palmas, Alessandro"]
[Result "0-1"]
[WhiteElo "1854"]
[BlackElo "1825"]
[PlyCount "42"]
[EventDate "2012.08.31"]

1. e4 e6 2. d4 d5 3. exd5 exd5 4. Bd3 Bd6 5. Nf3 Nf6 6. O-O O-O 7. h3 h6 8. Ne5
c5 9. c3 Nc6 10. Nxc6 bxc6 11. Nd2 Re8 12. Nf3 c4 13. Bc2 Ne4 14. Re1 f5 15.
Nd2 Qh4 16. Nxe4 fxe4 17. Qe2 Rf8 18. Be3 Bxh3 19. gxh3 Qxh3 20. f4 exf3 21.
Qd2 f2+ 0-1

[Event "III Open Alfa Lum"]
[Site "Cagliari ITA"]
[Date "2012.09.01"]
[Round "3"]
[White "Sonis, Francesco"]
[Black "Onnis, Luca"]
[Result "1-0"]
[WhiteElo "1491"]
[BlackElo "1461"]
[PlyCount "91"]
[EventDate "2012.08.31"]

1. e4 d5 2. exd5 Nf6 3. Nc3 Nxd5 4. Bc4 Nxc3 5. bxc3 e5 6. Nf3 f6 7. O-O Bd6 8.
d4 Bg4 9. dxe5 Bxe5 10. Qxd8+ Kxd8 11. Nxe5 fxe5 12. Re1 Nc6 13. Bg5+ Kd7 14.
f3 Bf5 15. Rad1+ Kc8 16. Bb3 Re8 17. Ba4 h6 18. Bh4 g5 19. Bg3 Rb8 20. Rb1 Re7
21. Bf2 a6 22. Bc5 Re8 23. c4 Re6 24. Rbd1 b5 25. cxb5 axb5 26. Bb3 Re8 27. Bd5
Bd7 28. Be4 Ra8 29. Rxd7 Kxd7 30. Rd1+ Ke6 31. Bxc6 Red8 32. Rxd8 Rxd8 33. Bxb5
Rd1+ 34. Bf1 Kd5 35. Be3 Ra1 36. h4 Rxa2 37. c4+ Ke6 38. hxg5 hxg5 39. Bxg5 Kf5
40. Bd8 c6 41. Bd3+ Ke6 42. Bb6 Kd6 43. c5+ Kd7 44. Be4 Ra8 45. g4 Rc8 46. Bf5+
1-0

[Event "III Open Alfa Lum"]
[Site "Cagliari ITA"]
[Date "2012.09.01"]
[Round "3"]
[White "Dessy, Eugenio"]
[Black "Putzolu, Marcello"]
[Result "1/2-1/2"]
[WhiteElo "1658"]
[BlackElo "1788"]
[PlyCount "69"]
[EventDate "2012.08.31"]

1. d4 Nf6 2. Nf3 d5 3. c4 e6 4. g3 Be7 5. Bg2 b6 6. O-O O-O 7. Bf4 Bb7 8. Qc2
c5 9. Rd1 Qc8 10. Na3 cxd4 11. Nb5 Na6 12. Nd6 Bxd6 13. Bxd6 Re8 14. Be5 dxc4
15. Bxf6 gxf6 16. Rxd4 b5 17. a4 Nb4 18. Qc3 Nd5 19. Qc1 Re7 20. axb5 c3 21. e4
e5 22. Rda4 Nb6 23. Rxa7 Rc7 24. Rxa8 Bxa8 25. bxc3 Rxc3 26. Qe1 Rc4 27. Nh4
Qc5 28. Rd1 Rd4 29. Nf5 Rd7 30. Rxd7 Nxd7 31. Qd1 Nf8 32. h4 Qxb5 33. Qg4+ Ng6
34. h5 Qb1+ 35. Kh2 1/2-1/2